00214nam a2200073Ia 4500008004100000082000800041100002100049245007000070240331s9999 xx 000 0 und d bAGR aArgenti-pillen,A 0aMaskin terror :bhow women contain violence in southern Sri Lanka